000 00849nam a2200193Ia 4500
003 GCL
008 140319s9999 xx 000 0 ara d
040 _aGCL /
_cGCL
082 0 4 _aط
_b398.22
_bك ق
100 1 _aكامل كيلانى
245 1 0 _aقصص من الف ليلة : بابا عبداللة والدرويش-ابو صير وابو قير-على بابا-عبدالله البرى وعبدالله البحرى-الملك عجيب-خسر وشاه-السندباد البحرى-علاء الدين تاجر بغداد-مدينة النحاس /
_cكامل كيلانى
260 _aالقاهرة :
_bدار المعارف ،
_c0
300 _a26 ص ؛
_c20سم
490 _aقصص من الف ليلة
_v0
650 0 4 _aالاطفال
650 0 4 _aقصص الاطفال
650 0 4 _aالقصص الشعبية
942 _2ddc
_cBK
999 _c57144
_d57144